Bilecik Bilecik Bilecik Bilecik Bilecik

Köyden kente : (Record no. 44916)

MARC details
000 -BAŞLIK
Sabit Uzunluktaki Kontrol Alanı 01351nam a22003617a 4500
001 - KONTROL NUMARASI
Control Dosyası 0045079
003 - KONTROL NUMARASI KİMLİĞİ
Kontrol Alanı KOHA_MİRAKIL
005 - EN SON İŞLEM TARİHİ ve ZAMANI
Kontrol Alanı 20260207003431.0
007 - FİZİKSEL TANIM SABİT ALAN - GENEL BİLGİ
Sabit uzunluklu kontrol alanı ta
008 - SABİT UZUNLUKTAKİ VERİ ÖGELERİ - GENEL BİLGİ
Sabit Alan 131114b2003 tu a|||gr||||#||||0|tur |
020 ## - ISBN - ULUSLARARASI STANDART KİTAP NUMARASI
Isbn 9756561424
Nitelik bilgileri
020 ## - ISBN - ULUSLARARASI STANDART KİTAP NUMARASI
Isbn 9789756561423
Nitelik bilgileri
040 ## - KATALOGLAMA KAYNAĞI
Özgün Kataloglama Kurumu TR-BiSEU
Kataloglama Dili tur
Çeviri Kurumu TR-BiSEU
Açıklama Kuralları rda
041 0# - DİL KODU
Metin ya da ses kaydının dil kodu tur
044 ## - YAYINLAYAN/ÜRETEN KURULUŞUN ÜLKE KODU
ISO country code tu
050 ## - SINIFLAMA ve YER NUMARASI
Sınıflama Numarası DS56
Yer Numarası .K69 2003
245 0# - ESER ADI BİLDİRİMİ
Başlık Köyden kente :
Alt Eseradı vb. Yakındoğu'da ilk yerleşimler == From village to cities :
-- early villages in the Near East/
Sorumluluk Bildirimi hazırlayanlar Mehmet Özdoğan, Harald Hauptmann, Nezih Başgelen / edited by Mehmet Özdoğan, Harald Hauptmann, Nezih Başgelen..
264 #1 - ÜRERİM, YAYIN, DAĞITIM ve TELİF BİLDİRİMİ
Yayın yeri İstanbul :
Yayınlayan Arkeoloji ve Sanat Yayınları
Yayın tarihi 2003
300 ## - FİZİKSEL TANIMLAMA
Sayfa, Cilt vb. 2 c. :
Diğer fiziki detaylar resimli, haritalı ;
Boyutları 28 cm.
336 ## - İÇERİK TÜRÜ
Content type term metin
Content type code txt
Source rdacontent
337 ## - MEDYA TÜRÜ
Media type term aracısız
Media type code n
Source rdamedia
338 ## - TAŞIYICI TÜRÜ
Carrier type term cilt
Carrier type code nc
Source rdacarrier
490 1# - DİZİ BİLDİRİMİ
Dizi Bildirimi Arkeoloji ve sanat yayınları.
490 1# - DİZİ BİLDİRİMİ
Dizi Bildirimi Armağan kitaplar dizisi ;
Cilt Numarası 4
500 ## - GENEL NOT
Genel Not Ufuk Esin'e armağan = Studies presented to Ufuk Esin.
500 ## - GENEL NOT
Genel Not Kaynakça var.
650 #0 - KONU BAŞLIĞI EK GİRİŞ - KONU TERİMİ
Konusal terim veya coğrafi ad Villages--Middle East.
9 (RLIN) 78869
650 #0 - KONU BAŞLIĞI EK GİRİŞ - KONU TERİMİ
Konusal terim veya coğrafi ad Cities and towns--Middle East.
9 (RLIN) 78870
650 #0 - KONU BAŞLIĞI EK GİRİŞ - KONU TERİMİ
Konusal terim veya coğrafi ad Middle East--Antiquities.
9 (RLIN) 78871
830 1# - SERİ EK GİRİŞİ - TEKBİÇİM ESER ADI
Tekbiçim Başlık Arkeoloji ve sanat yayınları.
9 (RLIN) 78872
830 1# - SERİ EK GİRİŞİ - TEKBİÇİM ESER ADI
Tekbiçim Başlık Armağan kitaplar dizisi ;
Volume number/sequential designation 4
9 (RLIN) 78873
942 ## - EK GİRİŞ ÖGELERİ (KOHA)
Source of classification or shelving scheme Library of Congress Classification
Koha item type Book
Holdings
Materyal Türü Kalıcı Konum Mevcut Konum Raf Yeri Sınıflandırma Kaynağı Edinim Bilgisi Ana Konular Alt Konular Yer Numarası Cilt Bilgisi Demirbaş Numarası Fatura Tarihi Maliyet, Alış Fiyatı Maliyet, Yenileme Fiyatı Geri Çekilme Durumu Kayıp Durumu Hasarlı Durumu Kredi için değil Kayıt Tarih Toplam Ödünçverme Son Görülme Tarihi Son Kontrol Tarihi Satın Alma Notu
Book Prof. Dr. Azmi Özcan Kütüphanesi Prof. Dr. Azmi Özcan Kütüphanesi Uluğbey Salonu Library of Congress Classification Satın DÜNYA TARİHİ (AVRUPA, ASYA, AFRİKA VB.) Asya DS56 .K69 2003 c.2 0045079 24/09/2013 33.81 33.81         14/11/2013 4 05/12/2024 05/12/2024 73291-73383 (92 sayfa)